000 00490cam a2200193ua 4500
001 233
008 110325n ii |||gr||||Z||||||eng
020 _a81-7649-281-7
040 _cMAIN
082 _a304.6
245 1 _aPopulism :
_bconcepts in social sciences /
_cby Paul Taggart
250 _a1st.
260 _aNew Delhi:
_bViva books pvt. ltd.,
_c2002.
300 _avii, 128p.:0cm.
653 _aSociology
653 _aPopulism
700 1 _aTaggart, Paul.,
_eAuthor.
942 _cBK
999 _c199
_d199